000 01152cam a2200253 4500
001 ABS63757
008 000000n2001 000 0 eng u
035 _a(Sirsi) u111386
100 _aHulls, R.
245 _aBeware the grim reaper
260 _c2001
490 _aCSM (Chartered Surveyor Monthly)
_vFebruary 2001, 29(1)
520 _aProvides best practice advice for chartered surveyors, particularly those working in small practices, on conducting site inspections. Stresses the need to make full, annotated notes of meetings and site inspections. Also recommends surveyors take comprehensive photographs as a project proceeds, to supplement notes taken. These measures will help protect surveyors' own interests, as well as those of their successors, against potential negligence claims.
590 _aABS
650 _aABOUT RICS-RICS MEMBERS
650 _aBUILDING INSPECTIONS
650 _aPHOTOGRAPHY
650 _aNEGLIGENCE
650 _aPROFESSIONAL INDEMNITY INSURANCE
650 _aDOMESTIC STRUCTURES
650 _aBUILT ENVIRONMENT
690 _aMANAGEMENT-BUSINESS MANAGEMENT-PROFESSIONAL PRACTICE
942 _n0
999 _c66361
_d66361